<?xml version="1.0" encoding="UTF-8"?>
<record
    xmlns:xsi="http://www.w3.org/2001/XMLSchema-instance"
    xsi:schemaLocation="http://www.loc.gov/MARC21/slim http://www.loc.gov/standards/marcxml/schema/MARC21slim.xsd"
    xmlns="http://www.loc.gov/MARC21/slim">

  <leader>00841nam a22002171i 4500</leader>
  <controlfield tag="001">17621</controlfield>
  <datafield tag="010" ind1=" " ind2=" ">
    <subfield code="a">9789899757905</subfield>
  </datafield>
  <datafield tag="090" ind1=" " ind2=" ">
    <subfield code="a">17621</subfield>
  </datafield>
  <datafield tag="100" ind1=" " ind2=" ">
    <subfield code="a">20170304u        u  u0frey50      ba</subfield>
  </datafield>
  <datafield tag="101" ind1="0" ind2=" ">
    <subfield code="a">por</subfield>
  </datafield>
  <datafield tag="200" ind1="1" ind2=" ">
    <subfield code="f">Joaninha de Cabe&#xE7;&#xE3;o</subfield>
    <subfield code="a">Ribe-b&#xE9;-b&#xE9;u! Lar&#xE9;u-ao-l&#xE9;u!</subfield>
  </datafield>
  <datafield tag="210" ind1=" " ind2=" ">
    <subfield code="c">Lupa Design de Comunica&#xE7;&#xE3;o e Ideias</subfield>
    <subfield code="a">Lisboa</subfield>
    <subfield code="d">2011</subfield>
  </datafield>
  <datafield tag="215" ind1=" " ind2=" ">
    <subfield code="a">45, [1] p.</subfield>
    <subfield code="c">il. </subfield>
    <subfield code="d">24 cm</subfield>
    <subfield code="e">1 CD</subfield>
  </datafield>
  <datafield tag="300" ind1=" " ind2=" ">
    <subfield code="a">Inclui CD com voz de Joaninha de Cabe&#xE7;&#xE3;o, m&#xFA;sica de S&#xF3;nia Mendes e grava&#xE7;&#xE3;o e masteriza&#xE7;&#xE3;o do &#xE1;udio de Carlos Menezes. - Apoio da C&#xE2;mara Municipal de Viana do Alentejo</subfield>
  </datafield>
  <datafield tag="606" ind1=" " ind2=" ">
    <subfield code="9">187</subfield>
    <subfield code="a">Hist&#xF3;rias para crian&#xE7;as</subfield>
  </datafield>
  <datafield tag="675" ind1=" " ind2=" ">
    <subfield code="a">8:087.5</subfield>
    <subfield code="9">69</subfield>
  </datafield>
  <datafield tag="700" ind1=" " ind2="1">
    <subfield code="a">Cabe&#xE7;&#xE3;o</subfield>
    <subfield code="b">Joaninha de</subfield>
    <subfield code="4">070</subfield>
  </datafield>
  <datafield tag="702" ind1=" " ind2="1">
    <subfield code="a">Pequenos Artistas do Concelho de Viana do Alentejo</subfield>
    <subfield code="4">440</subfield>
  </datafield>
  <datafield tag="702" ind1=" " ind2="1">
    <subfield code="a">Wojciechowska</subfield>
    <subfield code="b">Danuta</subfield>
    <subfield code="4">440</subfield>
    <subfield code="f">1960-</subfield>
    <subfield code="9">2379</subfield>
  </datafield>
  <datafield tag="801" ind1=" " ind2=" ">
    <subfield code="a">PT</subfield>
    <subfield code="g">RPC</subfield>
  </datafield>
  <datafield tag="990" ind1=" " ind2=" ">
    <subfield code="c">LIVROS</subfield>
  </datafield>
  <datafield tag="995" ind1=" " ind2=" ">
    <subfield code="0">0</subfield>
    <subfield code="1">0</subfield>
    <subfield code="9">24292</subfield>
    <subfield code="b">BMVA</subfield>
    <subfield code="d">BMVA</subfield>
    <subfield code="f">0023368</subfield>
    <subfield code="k">8 CAB</subfield>
    <subfield code="o">0</subfield>
    <subfield code="r">LIVROS</subfield>
    <subfield code="u">6-10 anos</subfield>
    <subfield code="0">0</subfield>
  </datafield>
  <datafield tag="995" ind1=" " ind2=" ">
    <subfield code="0">0</subfield>
    <subfield code="1">6</subfield>
    <subfield code="9">24293</subfield>
    <subfield code="b">BMVA</subfield>
    <subfield code="d">BMVA</subfield>
    <subfield code="f">0028798</subfield>
    <subfield code="k">8 CAB </subfield>
    <subfield code="o">0</subfield>
    <subfield code="r">LIVROS</subfield>
    <subfield code="u">Fundo local. - 6-10 anos</subfield>
  </datafield>
  <datafield tag="995" ind1=" " ind2=" ">
    <subfield code="0">0</subfield>
    <subfield code="1">0</subfield>
    <subfield code="9">24294</subfield>
    <subfield code="b">BMVAAL</subfield>
    <subfield code="d">BMVAAL</subfield>
    <subfield code="f">0023367</subfield>
    <subfield code="k">8 CAB </subfield>
    <subfield code="o">0</subfield>
    <subfield code="r">LIVROS</subfield>
    <subfield code="u">6-10 anos</subfield>
  </datafield>
  <datafield tag="995" ind1=" " ind2=" ">
    <subfield code="0">0</subfield>
    <subfield code="1">0</subfield>
    <subfield code="9">24295</subfield>
    <subfield code="b">BMVA</subfield>
    <subfield code="d">BMVAAG</subfield>
    <subfield code="f">0023366</subfield>
    <subfield code="k">8 CAB</subfield>
    <subfield code="o">0</subfield>
    <subfield code="r">LIVROS</subfield>
    <subfield code="u">6-10 anos</subfield>
    <subfield code="0">0</subfield>
  </datafield>
</record>
